Klasika budúcnosti

Salvato in:
Dettagli Bibliografici
Autore principale: Ťapajna, Peter (Autore)
Altri autori: Baláž, Martin (Relatore della tesi)
Natura: Manoscritto Libro
Lingua:slovacco
Pubblicazione: Bratislava 2018
Soggetti:
Accesso online:http://is.stuba.sk/zp/portal_zp.pl?podrobnosti=133752
Tags: Aggiungi Tag
Nessun Tag, puoi essere il primo ad aggiungerne!!

MARC

LEADER 00000ntm a22000003a 4500
001 stuzp70024
003 SK-STU
005 20210129091554.7
007 ta
008 150427s2015----xo-----f-mn---000-0-slo-d
040 |a STU  |b slo 
041 0 |a slo 
100 1 |a Ťapajna, Peter  |u 059190  |4 aut  |U FAD Fakulta architektúry  |T FA Ústav dizajnu  |X 77044  |U A9190  |Y 400  |7 77044 
242 0 1 |a Future classic  |y eng 
245 1 0 |a Klasika budúcnosti 
260 |c 2018  |a Bratislava 
650 4 |a automobil  |2 slo 
650 4 |a dizajn  |2 slo 
650 4 |a autentický  |2 slo 
650 4 |a car  |2 eng 
650 4 |a authentic  |2 eng 
650 4 |a design  |2 eng 
700 1 |a Baláž, Martin  |u 059190  |k Z1  |4 ths  |U FAD Fakulta architektúry  |T FA Ústav dizajnu  |X 53323  |U A9190  |Y 400  |7 A000053323 
856 4 |u http://is.stuba.sk/zp/portal_zp.pl?podrobnosti=133752  |u https://opac.crzp.sk/?fn=detailBiblioForm&sid=233ADDCA5EB56A1008EE3931D49A